| 000 | 01771cam a2200481Ma 4500 | ||
|---|---|---|---|
| 001 | 86604 | ||
| 005 | 20230410143149.0 | ||
| 008 | 080410s2007 fr 001 0 fre d | ||
| 035 | _a(OCoLC)ocn237962244 | ||
| 040 |
_aLVB _bfre _cLVB _dBDF |
||
| 020 | _a9782354570286 | ||
| 020 | _a2354570287 | ||
| 029 | 1 |
_aZWZ _b122286715 |
|
| 035 | _a(OCoLC)237962244 | ||
| 041 | 1 |
_afre _heng |
|
| 055 | 4 | _aE 840 M263 2007 F | |
| 082 | 0 |
_a320.557'M263c _222 |
|
| 049 | _aGRAL | ||
| 050 | 1 | 4 | _abM263 2007 |
| 100 | 1 |
_aMamdani, Mahmood, _d1946- |
|
| 240 | 1 | 0 |
_aGood Muslim, bad Muslim. _lFranðcais |
| 245 | 1 | 3 |
_aLa CIA et la fabrique du terrorisme islamiste / _cMahmood Mamdani ; traduit de l'anglais (Etats-Unis) par Ousmane Kane. |
| 260 |
_aParis : _bDemopolis, _c2007. |
||
| 300 |
_a330 p. ; _c22 cm. |
||
| 500 | _aTraduction de: Good Muslim, bad Muslim. | ||
| 504 | _aBibliogr. | ||
| 650 | 6 |
_aIslamisme _xHistoire _y20e siáecle. |
|
| 650 | 6 |
_aTerrorisme _xAspect politique _xHistoire _y20e siáecle. |
|
| 650 | 6 | _aGuerre froide. | |
| 650 | 6 |
_aDrogues _xTrafic _xAspect politique _xHistoire _y20e siáecle. |
|
| 650 | 6 |
_aAttentats du 11 septembre 2001, âEtats-Unis _xCauses. |
|
| 651 | 6 |
_aEtats-Unis _xRelations extérieures _y1945-1989. |
|
| 651 | 6 |
_aEtats-Unis _xRelations extérieures _zAfghåaniståan. |
|
| 651 | 6 |
_aAfghåaniståan _xRelations extâerieures _zEtats-Unis. |
|
| 651 | 6 |
_aEtats-Unis _xRelations _zPays en voie de développement. |
|
| 651 | 6 |
_aPays en voie de développement _xRelations _zEtats-Unis. |
|
| 610 | 2 | 7 |
_aEtats-Unis. _bCentral intelligence agency _xInfluence. _2ram |
| 650 | 7 |
_aGuerre _xAspect religieux _xIslam. _2ram |
|
| 650 | 7 |
_aTerrorisme _xAspect religieux _xIslam. _2ram |
|
| 942 |
_2lcc _cbk |
||
| 994 |
_aC0 _bDRFGD |
||
| 946 | _acc | ||
| 999 |
_c96892 _d96892 |
||